| 000 | 00534nam a22001817a 4500 | ||
|---|---|---|---|
| 003 | CEME | ||
| 005 | 20210628201705.0 | ||
| 008 | 210215b xxu||||| |||| 00| 0 eng d | ||
| 020 | _a0-07-069920-8 | ||
| 040 | _c. | ||
| 082 | _a621.3193 WHI | ||
| 100 |
_aWhitson, Gene _956364 |
||
| 245 | _aHandbook of electrical construction tools and materials | ||
| 260 |
_aNEW YORK _bMCGRAW HILL _c1996 |
||
| 300 | _a474P | ||
| 650 |
_aELECTRIC APPARATUS AND APPLICATIONS ELECTRIC ENGINEERING EQUIPMENT AND SUPPLIES _956365 |
||
| 942 |
_cBK _2ddc |
||
| 999 |
_c566809 _d566809 |
||